| 000 | 02395nam a2200385 4500 | ||
|---|---|---|---|
| 003 | OSt | ||
| 005 | 20260513152330.0 | ||
| 008 | 260513b |||||||| |||| 00| 0 aze d | ||
| 020 | _a9952418725 | ||
| 040 |
_aAZ-XaKU _baze _cAZ-XaKU |
||
| 041 | 0 | _aaze | |
| 050 | 1 | 4 | _aPL314 .2611 .T1433 2005 |
| 100 | 1 |
_aAbdulla , Bəhlul , _eredaktor . |
|
| 245 | 1 |
_aAzərbaycan Nağılları _b: 5 cilddə _c/ Tərtib edən Əhliman Axundov ; redaktor Bəhlul Abdulla ; buraxılışa məsul Əziz Güləliyev ; texniki redaktor Rövşən Ağayev ; tərtibatçı - rəssam Nərgiz Əliyeva ; kompyuter səhifələyicisi Aslan Almasov ; korrektor Elmira Teymurova . |
|
| 250 | _a3 cild | ||
| 264 |
_aBakı : _b" Şərq - Qərb " nəşriyyatı _c2005 . |
||
| 300 |
_a296 səhifə ; _c22 sm . |
||
| 336 |
_atext _btxt _2rdacontent |
||
| 337 |
_aunmediated _bn _2rdamedia |
||
| 338 |
_avolume _bnc _2rdacarrier |
||
| 490 | 1 | _aAzərbaycan Xalq Ədəbiyyatı . | |
| 504 | _aNağıllar haqqında məlumat : s. 292 - 293 . | ||
| 505 | 0 | _aNuşapəri xanımın nağılı -- Hatəmin nağılı -- Daş üzük -- Hambal Əhməd -- Qırx Qönçə xanım -- Məlik çoban -- Şəminin nağılı -- Beçə dərviş nağılı -- Üçbığ Kosa -- Məlik Ducar -- Xacə Fəttah -- Məlik Məhəmməd və Məlik Əhməd -- Şah oğlu Bəhrəmin nağılı -- Ölü Əhməd -- Əcəm oğlu İbrahim -- Məstan -- İtkin qız -- Şükufə xanım -- Qəhrəman -- Cəlayi - vətən -- Soltan İbrahim -- Əhməd -- Şirvan qazısı -- Nuşaranın nağılı -- Baftaçı Şah Abbas -- Qeydlər -- Nağıllar haqqında məlumat . | |
| 520 | _aAzərbaycan Respublikasının Prezidenti İlham Əliyevin " Azərbaycan dilində latın qrafikası ilə kütləvi nəşrlərin həyata keçirilməsi haqqında " 12 yanvar 2004 - cü il tarixli sərəncamı ilə nəşr olunur və ölkə kitabxanalarına hədiyyə edilir . | ||
| 650 | 7 |
_2AZ-XaKU _aAzərbaycan nağılları |
|
| 700 | 1 |
_aAxundov , Əhliman , _etərtib edən . |
|
| 700 | 1 |
_aAbdulla , Bəhlul , _eredaktor . |
|
| 700 | 1 |
_aGüləliyev , Əziz , _eburaxılışa məsul . |
|
| 700 | 1 |
_aAğayev , Rövşən , _etexniki redaktor . |
|
| 700 | 1 |
_aƏliyeva , Nərgiz . _etərtibatçı - rəssam . |
|
| 700 | 1 |
_aAlmasov , Aslan , _ekompyuter səhifələyicisi . |
|
| 700 | 1 |
_aTeymurova , Elmira , _ekorrektor . |
|
| 942 | _cBOOK | ||
| 999 |
_c465 _d465 |
||